Normal view
MARC view
- Steven S.Zumdahl, Donald J.DeCoste
Entry Personal Name
001 - CONTROL NUMBER
- control field: 83665
003 - CONTROL NUMBER IDENTIFIER
- control field: NUST
005 - DATE AND TIME OF LATEST TRANSACTION
- control field: 20211103152520.0
008 - FIXED-LENGTH DATA ELEMENTS
- fixed length control field: 211103|| aca||aabn | a|a d
040 ## - CATALOGING SOURCE
- Original cataloging agency: NUST
- Transcribing agency: NUST
100 ## - HEADING--PERSONAL NAME
- Personal name: Steven S.Zumdahl, Donald J.DeCoste
670 ## - SOURCE DATA FOUND
- Source citation: Work cat.: (NUST): Steven S.Zumdahl, Donald J.DeCoste, Chemistry, 2018
